|
|
|
|
| LEADER |
00000naa2a2200000 4500 |
| 001 |
676696 |
| 005 |
20241128131058.0 |
| 090 |
|
|
|a 676696
|
| 100 |
|
|
|a 20241118d2024 k||y0rusy50 ca
|
| 101 |
0 |
|
|a rus
|
| 102 |
|
|
|a RU
|
| 135 |
|
|
|a drbn ---uucaa
|
| 200 |
1 |
|
|a Акустический неразрушающий контроль слоисто-неоднородных сред с применением матричных антенных решеток с неэквидистантным расположением элементов
|f Д. О. Долматов
|g Национальный исследовательский Томский политехнический университет
|
| 225 |
1 |
|
|a Проблемы надежности конструкционных материалов
|
| 283 |
|
|
|2 RDAcarrier
|
| 320 |
|
|
|a Список литературы: 2 назв
|
| 336 |
|
|
|a Текстовый файл
|
| 463 |
|
1 |
|0 676692
|9 676692
|c Томск
|d 2024
|n Изд-во ТПУ
|o сборник научных трудов Международной научно-технической молодежной конференции, Томск, 21–25 октября 2024 г.
|t Перспективные материалы конструкционного и функционального назначения
|u conference_tpu-2024-C125.pdf
|v С. 28-30
|f ред. кол. С. П. Буякова, Б. С. Зенин, О. Ю. Ваулина [и др.]
|
| 610 |
1 |
|
|a электронный ресурс
|
| 610 |
1 |
|
|a труды учёных ТПУ
|
| 610 |
1 |
|
|a слоисто-неоднородные материалы
|
| 610 |
1 |
|
|a акустический контроль
|
| 610 |
1 |
|
|a матричные антенные решетки
|
| 700 |
|
1 |
|a Долматов
|b Д. О.
|c специалист в области ядерных технологий
|c научный сотрудник Томского политехнического университета, кандидат технических наук
|f 1992-
|g Дмитрий Олегович
|9 18725
|
| 712 |
0 |
2 |
|a Национальный исследовательский Томский политехнический университет
|c (2009- )
|9 26305
|4 570
|
| 801 |
|
0 |
|a RU
|b 63413507
|c 20241118
|
| 850 |
|
|
|a 63413507
|
| 856 |
|
|
|u http://earchive.tpu.ru/handle/11683/81599
|z http://earchive.tpu.ru/handle/11683/81599
|
| 942 |
|
|
|c CF
|